| 000 | 00911nam a2200277Ia 4500 | ||
|---|---|---|---|
| 005 | 20220317001245.0 | ||
| 008 | 160825s1990 sp a g 000 0 spa | ||
| 020 | _a843056165X | ||
| 100 | 1 | _aRobles, Antonio | |
| 245 | 1 | 0 |
_aCuentos de "el perro, el ratón y el gato?" _cAntoniorrobles ; ilustraciones Ulisis Wensell |
| 250 | _a3a. edición | ||
| 300 |
_ailustraciones _bilustraciones en color _c24 cm |
||
| 490 | _aLas campanas | ||
| 650 | 1 | 4 |
_2LEMB _aCuentos infantiles |
| 650 | 1 | 4 |
_2LEMB _aLiteratura infantil |
| 650 | 1 | 4 |
_2LEMB _aAnimales en la literatura |
| 650 | 1 | 4 |
_2LEMB _aLibros ilustrados para niños |
| 700 | 1 |
_aWensell, Ulises _968335 |
|
| 942 |
_2loc _cBKINF |
||
| 264 |
_aMadrid _bSusaeta _c1990 |
||
| 336 |
_atexto _btxt _2rdacontent |
||
| 337 |
_asin mediación _bn _2rdamedia |
||
| 338 |
_avolumen _bnc _2rdacarrier |
||
| 040 |
_aCO-BoRNBP _bspa _erda _cCO-BoRNBP |
||
| 084 | _aC ROB2 | ||
| 999 |
_c6408 _d6408 |
||